00380nam a2200157Ia 45000010006000000050017000060080041000230410008000640820015000721000033000872450049001202600009001693000028001786500008002066540008002141760020260306171529.0260306s9999||||xx |||||||||||||| ||und|| aESP a658.1bA49 aAlvarez Insúa, CarloseAUT 0aCómo hacer de una idea una empresa exitosa c2000 a254 páginas :c24 cm. aGEN aCAN